[Event "FIDE-Wch k.o."]
[Site "Groningen"]
[Date "1997.12.18"]
[Round "4.2"]
[White "Shirov, Alexei"]
[Black "Akopian, Vladimir Eduardovic"]
[Result "1-0"]
[WhiteElo "2700"]
[BlackElo "2660"]
[Annotator "Atlas,V"]
[PlyCount "123"]
[EventDate "1997.12.09"]
[EventType "k.o."]
[EventRounds "7"]
[EventCountry "NED"]
[SourceTitle "CBM 063"]
[Source "ChessBase"]
[SourceDate "1998.03.26"]
[SourceVersion "1"]
[SourceVersionDate "1998.03.26"]
[SourceQuality "1"]

1. e4 {Hecht Shirov} c5 2. Nf3 d6 3. d4 cxd4 4. Nxd4 Nf6 5. Nc3 e6 6. g4 h6 7.
h3 a6 8. Bg2 g5 9. b3 {Bologan} (9. Qe2 Nbd7 10. Nb3 Ne5 11. f4 gxf4 12. Bxf4
Nfd7 13. O-O-O b5 14. Qf2 Bb7 15. Kb1 Rc8 16. Ne2 h5 17. gxh5 Rxh5 18. h4 Be7
19. Ng3 Rxh4 20. Nh5 Rxh1 21. Bxh1 Ng6 {1/2-1/2 Leko,P-Ivanchuk,V/Wijk 1996 
(29)}) (9. Be3 Nbd7 10. Qe2 Ne5 11. O-O-O Qc7 12. f4 gxf4 13. Bxf4 b5 14. Qf2
Nfd7 15. Kb1 Bb7 16. Rhe1 Be7 17. Nce2 O-O-O {1/2-1/2 Shirov,A-Sax,G/BL9293
1993 (61)}) 9... Nbd7 10. Bb2 Ne5 11. Qd2 Bd7 (11... Ng6 {Shirov} 12. O-O-O Nf4
13. Bf3 $1 $14) 12. O-O-O Qc7 13. f4 (13. Nce2 $1 $14 {Shirov}) 13... gxf4 14.
Nce2 (14. Qxf4 {Shirov} Be7 $13 15. Nf3 $140 O-O-O 16. Ne2 Ng6) 14... Be7 (
14... f3 $6 {Shirov} 15. Nxf3 Nxe4 $2 16. Qe3 Rc8 17. c4 Nxc4 $8 18. bxc4 Qxc4+
19. Kb1 Rg8 20. Ne5 $1 $16) 15. Nxf4 O-O-O 16. Kb1 Kb8 17. Rhf1 Bc8 {[%cal
Gf6d7,Gd7c5,Gd7e5] A natural move, vacating the d7 square for the f6 knight.} (
17... Rc8 {was worth considering.}) (17... Rdg8 {Shirov} 18. Nd3 $1) (17... Ne8
{Shirov} 18. Nf3 $1) 18. Nde2 {[%csl Rh6][%cal Ge2g3,Gg3h5,Gf4h5] Planning to
transfer this knight to h5 via g3.} Rh7 (18... b5 $6 {is met by} 19. Bc3 {
/\Ba5.}) 19. Ng3 b6 20. Ngh5 Nfd7 (20... Nxh5 {Shirov} 21. Nxh5 a5 $5 $14) 21.
Nd3 Bb7 22. Nxe5 Nxe5 $6 (22... dxe5 $142 {was to be preferred. The text move
allows White to seize the f6-square.} 23. Qc3 $5 $14) 23. Nf6 (23. Qf2 $142 $1
$14 {Shirov}) 23... Rg7 $2 ({This pawn sacrifice proves insufficient. Better
was} 23... Rhh8 24. Qf2 $1 (24. Bxe5 $2 dxe5 25. Nd7+ Kc8 $17) 24... Ka7 25.
Rd2 $14) 24. Qxh6 (24. Qf2 $5 {Shirov}) 24... Rg6 25. Qh4 Rc8 26. Rd2 Ka7 27.
g5 Qc5 28. Qf4 (28. Bd4 $6 {Shirov} Qb5) 28... a5 29. Rfd1 (29. a4 $5 {Shirov})
29... a4 $1 {Resourceful defence in a difficult position. A-pawn march yields
Black certain hope to create some threats on the queenside.} 30. Bf1 {A useful
profilactic move. Setting control over the important f1-a6 diagonal, White
significantly reduces Black's attacking chances.} a3 31. Ba1 (31. Bd4 {Shirov}
Qa5 $1) 31... Nc6 ({Certainly, not} 31... b5 $4 {/\Nc4} 32. Bd4 $18) 32. h4
Bxf6 33. gxf6 (33. Bxf6 $6 e5 34. Qg3 Nd4 {yields Black counterplay.}) 33...
Ne5 (33... e5 $5 {Shirov} 34. Qf3 Nd4 35. Bxd4 exd4 $14) 34. Be2 Rg2 35. h5 Qc6
$2 (35... Rf2 $1 {Shirov} 36. Qh4 Rg2 $1 (36... Nc4 $2 37. bxc4 Qb4+ 38. Kc1
Rxe2 39. Rxe2 Qxc4 40. Qe1 Bxe4 41. Rd4 Qxa2 42. Bc3 $18) 37. Bd4 $5 (37. Qf4
$1 Rf2 $11) (37. h6 Qe3) 37... Qc6 38. Qf4 (38. Kc1 $5) 38... Qxe4 39. Bxe5
Qxe5 (39... dxe5 40. Qxe4 Bxe4 41. Bd3 $14) 40. Qxe5 dxe5 $13) 36. Bxe5 {
The simplest way to convert the advantage. Arising endgame is lost for Black.}
dxe5 37. Qxe5 Rg5 (37... Qxe4 {Shirov} 38. Qxe4 Bxe4 39. Bd3 $18) 38. Qd4 ({
An elegant, but insufficient tactical resource.} 38. Qxg5 $4 {loses after} Qc3
{Still, after his queen retreat White retain excellent winning chances.}) 38...
Qxe4 39. Qxe4 Bxe4 40. Kc1 Rf5 (40... Rd5 41. h6) 41. Rf1 Rd5 (41... Rxf1+ {
Shirov} 42. Bxf1 Rh8 43. Rd7+ Kb8 44. Be2 $18) 42. Bd1 (42. c4 {Shirov} b5 43.
Rf4 bxc4 $1 44. bxc4 Re5 $16) 42... b5 43. Rf4 Rxd2 (43... Bh7 {Shirov} 44.
Rxd5 exd5 45. Rg4 $18) 44. Kxd2 {[#] Hecht: Weißer Mehrbauer und schwarze
Bauernschwächen. Freibauern.} Rd8+ 45. Kc1 Bf5 46. Rb4 Kb6 47. Be2 (47. c4 $5 {
Shirov} Kc5 48. Rxb5+ Kd4 49. Ra5 $18) 47... Kc5 (47... Rd5 {does not help
because of} 48. c4) 48. Rxb5+ Kd4 49. Ra5 {Now Black could resign with a clear
conscience.} Ke3 50. Bd1 Kf4 (50... Kf2 {Shirov} 51. b4 $1 $18) 51. Ra7 (51.
Rxa3 {Shirov} e5 52. Ra7 Be6 $1) 51... Rf8 52. Rxa3 e5 53. b4 e4 54. b5 e3 55.
b6 Be4 56. Ra4 Ke5 57. Ra7 Kf4 (57... Kxf6 {Shirov} 58. Ra3 Ke5 59. Rxe3 f5 60.
Rb3 f4 61. h6 $1 $18) 58. a4 Rg8 59. Rxf7 Rg1 60. Rg7 Rf1 61. f7 Ke5 62. Kb2 $1
{Hecht: Der König hilft sich selbst.} 1-0

[Event "Tan Chin Nam Cup 1st"]
[Site "Beijing"]
[Date "1995.??.??"]
[Round "2"]
[White "Ye, Jiangchuan"]
[Black "Boensch, Uwe"]
[Result "1-0"]
[WhiteElo "2550"]
[BlackElo "2560"]
[Annotator "Baburin,A"]
[PlyCount "81"]
[EventDate "1995.08.??"]
[EventType "tourn"]
[EventRounds "9"]
[EventCountry "CHN"]
[EventCategory "11"]
[SourceTitle "CBM 049"]
[Source "ChessBase"]
[SourceDate "1995.12.01"]
[SourceVersion "1"]
[SourceVersionDate "1995.12.01"]
[SourceQuality "1"]

1. e4 c5 2. Nf3 d6 3. d4 cxd4 4. Nxd4 Nf6 5. Nc3 e6 6. g4 h6 7. h4 a6 8. Bg2
Nfd7 9. g5 hxg5 10. Bxg5 Qb6 11. Nb3 Nc5 12. Qe2 Nxb3 13. cxb3 $1 {[#]This is
an exceptional case, when it's better to recapture away from the centre. The
main idea is that the white King will be safe behind the pawn mass a2, b2 & b3
- e. g. after a6-a5-a4, bxa4 as the a-file still won't be open.} Nc6 14. O-O-O
Bd7 15. Kb1 Be7 16. Be3 Qa5 17. h5 b5 18. f4 b4 19. Na4 Rb8 20. e5 d5 21. Rc1
Qb5 22. Qd2 d4 23. Bf2 O-O 24. Rhg1 Rfc8 25. Be4 Bf8 26. Bh4 Ne7 27. Rce1 Nf5
28. Bf6 Kh7 29. Qg2 Bc6 30. Bxf5+ exf5 31. Qg5 Be4+ 32. Ka1 Qe8 33. Bxg7 Rc6
34. Rxe4 fxe4 35. Bf6 Rc1+ 36. Rxc1 Qd7 37. Nc5 Rc8 38. Rg1 Bh6 39. Nxd7 Bxg5
40. fxg5 d3 41. g6+ 1-0

[Event "EU-chT (Men) 18th"]
[Site "Porto Carras"]
[Date "2011.11.03"]
[Round "1.2"]
[White "Bartel, Mateusz"]
[Black "Zagorskis, Darius"]
[Result "1-0"]
[WhiteElo "2653"]
[BlackElo "2497"]
[Annotator "Bartel,M"]
[PlyCount "71"]
[EventDate "2011.11.03"]
[EventType "team-swiss"]
[EventRounds "9"]
[EventCountry "GRE"]
[SourceTitle "CBM 146"]
[Source "ChessBase"]
[SourceDate "2012.01.18"]
[SourceVersion "1"]
[SourceVersionDate "2012.01.18"]
[SourceQuality "1"]
[WhiteTeam "Poland"]
[BlackTeam "Lithuania"]
[WhiteTeamCountry "POL"]
[BlackTeamCountry "LTU"]

1. e4 c5 2. Nf3 d6 3. d4 cxd4 4. Nxd4 Nf6 5. Nc3 a6 {The Najdorf wasn't the
option which I expected, so after some minutes of thinking I decided to avoid
the main lines (which, to be honest, I do quite often).} 6. h3 e6 7. g4 Be7 8.
Bg2 Nfd7 {This is a very logical, prophylactic move, what explains why this is
the main move here. Black puts the knight on a very normal square and at the
same time all options of an immediate g4-g5 are stopped.} ({It is also
possible to begin with} 8... Nc6 {and only after} 9. Be3 {put the knight on d7
-} Nd7 {which gives us the same position which arose in the game.}) 9. Be3 Nc6
10. Qe2 {The bishop from f1 is already developed on g2, that's why White
players prefer to develop their queen on e2, as the weakness of the c4-square
may cause immediate problems.} ({However, once Dominguez tried} 10. Qd2 {
in a game versus Topalov and after} Nde5 {he was forced to play} 11. b3 {
. This game is annonated in MegaDatabase by GM Ftacnik.}) 10... Nxd4 11. Bxd4
O-O 12. O-O-O Rb8 $5 {This smart move was played by Morozevich and Wojtaszek.
The rook is leaving the h1-a8 diagonal in order for Black to play ...b7-b5
under more appropriate circumstances.} ({In fact there is also nothing wrong
with} 12... b5 {, as played by Ponomariov, but you must be far more careful,
because after} 13. e5 d5 {White may sacrifice} 14. Nxd5 $5 {and the position
is very unclear} exd5 15. Bxd5 Rb8 16. Ba7 (16. e6 $5 fxe6 17. Bxe6+ Kh8 18.
Rhe1 $44) 16... Rb7 17. Bxb7 Bxb7 18. Rhe1 Qc7 19. Kb1 $44 {0-1 Movsesian,S 
(2716)-Ponomariov,R (2727)/San Sebastian 2009/CBM 132 (51)}) 13. e5 $6 {
During the game I was very happy with this move, as I was sure that
transpositions to French-like structures could be in my favour. Unfortunately,
it seems that objectively this time this structure is much more pleasant for
Black, as White's bishop on g2 is misplaced and also the knight on c3 has
serious difficulties in reaching better squares.} d5 14. f4 b5 15. f5 {Another
step in a very risky direction.} ({Of course, White would be happy to put the
knight on e2. So, the first idea is to play} 15. Qe3 {, but it's met by Black
with} Nb6 {. I thought that this was looking very suspicious, but engines are
quite happy with the awkward} 16. b3 {. Still, in that position I'd prefer
Black.}) 15... Bb7 $1 {Another prophylactic move.} (15... b4 $5 {was more
risky, because White can seriously think about} 16. Nxd5 $1 {and the position
becomes very unclear} exd5 17. Bxd5 Qa5 {probably best} (17... Bb7 18. Bxb7
Rxb7 19. e6 fxe6 20. fxe6 Bg5+ 21. Kb1 Qe7 22. Qg2 Nb6 23. Rhf1 $44 {looks
promising for White as the black pieces aren't coordinated.}) 18. e6 Qxd5 19.
exd7 Bg5+ 20. Kb1 Bxd7 21. h4 $5 (21. Bxg7 Qb5 22. Qxb5 Bxb5 23. Bxf8 Kxf8 $15)
21... Bb5 (21... Bf4 22. Qf2) 22. Qh2 Be7 23. Bxg7 {with a sharp position.})
16. Qf2 $2 {A very weak move. I wanted to prepare both Ne2 and f6, but I
underestimated Black's response.} ({It was neccesary to play} 16. a3 {, but
this is not a move you like to play in a Sicilian when you have already
castled long...}) 16... Bh4 $1 {Simple and strong. The bishop on h4 feels
quite comfortable, but we can't say the same about the white queen which is
dramatically seeking for a good place.} 17. Qf3 Rc8 (17... b4 {was probably
better, but it would lead to the same position which appeared in the game, as
I wasn't thinking about a2-a3.}) 18. Kb1 {It was the last chance to play a2-a3,
but I decided that it's better to sacrifice the pawn on c2. I think, from a
practical point of view, my decision was correct.} Qc7 19. Qe3 {You can lose
many pawns, but surely the e5-pawn is not among them...!} b4 20. Ne2 Qxc2+ 21.
Ka1 {Here we are! Black is a pawn up, but it's not all that simple. Both
bishops and the knight on d7 aren't very strong and White is somehow
coordinated and willing to press in the centre, for example on the e6-square.
So, Black must be very precise.} h6 $6 {A natural decision, as Black wants to
bring the bishop into the game from g5 and also wants to stop g4-g5.} ({
However, it seems that much stronger was} 21... Qa4 $1 22. b3 Qb5 {and we can
see that ...h7-h6 wasn't obligatory.}) 22. Rc1 Qa4 23. b3 Qa5 24. Nf4 Bg5 {
This move leads to an unclear position, but probably there is nothing better.}
({In the event of} 24... Rfe8 {White would have a good initiative after} 25.
Rxc8 Bxc8 ({if} 25... Rxc8 26. fxe6 fxe6 27. Nxe6 Rc2 {White can play} 28. a4
$1 $13) 26. fxe6 fxe6 27. Ng6 $44) 25. h4 $1 {This move is the strongest in
that position, but it's very funny that I made it for the completely wrong
reason - I wanted to sacrifice my queen...} Rxc1+ 26. Rxc1 Bxh4 27. fxe6 fxe6
28. Nxe6 Rf2 {The official scoresheets shows that my opponent played 28...Bf2
here, but this is not correct.} 29. Qxf2 $2 {This move I played instantly. Ok,
it seems that there is nothing else here, but...} (29. a4 $3 {this move can be
easily missed. The point is that after} Rxg2 $4 {White plays the "silent"} ({
The correct move is} 29... bxa3 {and after} 30. Rc7 Qb5 31. Nf4 Rxg2 32. Nxg2
Bd8 33. Rc2 {we have a complicated position in which I would prefer White.})
30. Rf1 $3 {and Black is completely hopeless, mainly because of the trapped
queen on a5.} (30. Qf3 $2 Rg3 $1)) 29... Bxf2 30. Bxf2 Kf7 31. Nd4 {When I
played 25.h4 I thought that in this position I have good practical chances as
the black pieces aren't coordinated. The game shows that I wasn't wrong, but
objectively, Black is much better, if not winning.} Nxe5 $2 {It's not a very
good idea to open the position when White has two strong bishops. Especially
the black squares should be covered!} (31... Nc5 $1 {was much better, and after
} 32. e6+ Nxe6 33. Nxe6 Kxe6 34. Bd4 Qd8 {White should be hopeless.}) 32. Bg3
Nd3 $2 {And this is the losing move.} ({It was necessary to play} 32... Nc4 $1
33. bxc4 dxc4 {and now White must play} 34. Bf1 $1 (34. Bxb7 $4 b3 $19) {
what after} 34... c3 35. Bc4+ Kg6 36. Bd3+ Kg5 {leads to a crazy,
computer-like position.} 37. Bc7 Qd5 38. Bd8+ Kxg4 39. Rg1+ Kh3 $17) 33. Bc7
Qa3 34. Rc2 {Now the queen on a3 is... trapped! Sooner or later White plays
Kb1, Bf1 (to remove the knight from d3) and finally he moves the rook to put
the bishop on c7. However, I thought that things are very simple and the
position is absolutely trickless...} Ke8 35. Kb1 Kd7 {and here the simple Bb6
with next Bf1-Rc7-Nc2 is winning, but for some reason I decided that move
order is not important and I played...} 36. Bf1 $4 {...after which my opponent
instantly... resigned! He must have been very disappointed when he switched on
his engine - after 36...Nf2! (even 36...Nb2 is interesting) with the idea ...
Ne4 it is White who must look for a draw. This is possible when White plays 37.
g5!, but that would be another story.} (36. Bf1 $4 Nf2 37. g5) (36. Bb6 $18)
1-0

[Event "SLO-ch"]
[Site "Grize"]
[Date "1996.??.??"]
[Round "?"]
[White "Beliavsky, Alexander G"]
[Black "Soln, Primoz"]
[Result "1-0"]
[WhiteElo "2620"]
[BlackElo "2330"]
[Annotator "Beliavsky,A"]
[PlyCount "77"]
[EventDate "1996.??.??"]
[EventType "swiss"]
[EventRounds "9"]
[EventCountry "SLO"]
[SourceTitle "CBM 054"]
[Source "ChessBase"]
[SourceDate "1996.10.01"]
[SourceVersion "1"]
[SourceVersionDate "1996.10.01"]
[SourceQuality "1"]

1. e4 c5 2. Nf3 e6 3. d4 cxd4 4. Nxd4 Nf6 5. Nc3 d6 6. g4 a6 7. g5 Nfd7 8. h4 (
8. f4 h6 $5 $13) (8. Be3) 8... b5 9. Be3 (9. Bg2 Bb7 10. f4) 9... b4 10. Nce2
Bb7 11. Bg2 Nc5 12. Ng3 Nbd7 (12... d5 13. e5 Nbd7 14. f4 $16) 13. O-O g6 $2 (
13... d5 14. exd5 Bxd5 15. Bxd5 exd5 16. Re1 $16) (13... h6 $1 $13) 14. a3 $1
bxa3 (14... a5 15. axb4 axb4 16. Qd2 $16) 15. Rxa3 Nb6 16. Nb3 $1 Nc4 (16...
Nxb3 $2 17. Rxb3 $18) 17. Qd4 $1 Nxe3 (17... Nxa3 18. Nxc5 dxc5 19. Qxh8 Nxc2
20. Bxc5 $18) 18. Nxc5 dxc5 (18... Nxf1 19. Qa4+ $18) 19. Qxe3 e5 (19... Qd4
20. Qb3 Qb4 21. Qa2 $16) (19... Qd4 20. Qb3 Qb4 21. e5 $16) 20. Rd3 Qc7 21.
Rfd1 Bc6 22. Bh3 $1 Be7 23. Bd7+ Bxd7 24. Rxd7 Qxd7 25. Rxd7 Kxd7 26. Qb3 Rab8
(26... Rhf8 27. Qb7+ Kd6 28. Nf1 $18) 27. Qd5+ Bd6 28. Qxf7+ Kc6 29. b3 Rb7 30.
Qd5+ Kc7 31. Nf1 $1 $18 Rb4 32. Ne3 Rd4 33. Qf7+ Kc6 34. c3 Rd2 35. Nc4 Rf8 36.
Qa7 Rd1+ 37. Kg2 Rf4 38. Qxa6+ Kd7 39. Nb6+ 1-0

[Event "Moscow"]
[Site "Moscow"]
[Date "1981.04.??"]
[Round "10"]
[White "Beliavsky, Alexander G"]
[Black "Andersson, Ulf"]
[Result "1-0"]
[WhiteElo "2620"]
[BlackElo "2610"]
[Annotator "Belov,I"]
[PlyCount "86"]
[EventDate "1981.04.08"]
[EventType "tourn"]
[EventRounds "13"]
[EventCountry "URS"]
[EventCategory "15"]
[SourceTitle "MCL"]
[Source "ChessBase"]
[SourceDate "1999.07.01"]
[SourceVersion "1"]
[SourceVersionDate "1999.07.01"]
[SourceQuality "1"]

1. e4 c5 2. Nf3 d6 3. d4 cxd4 4. Nxd4 Nf6 5. Nc3 e6 6. g4 h6 7. h4 Nc6 8. Rg1
h5 (8... d5 9. Bb5 Bd7 10. exd5 Nxd5 11. Nxd5 exd5 12. Be3 Qxh4 (12... Be7 13.
Qf3 Qa5+ 14. c3 O-O-O 15. Bxc6 bxc6 16. Nb3 Qa6 $10 {Kindermann,S-Vogt,L/
Baden-Baden/1993/1:0 (28) Inf 58/259/}) 13. Qf3 a6 14. Bxc6 bxc6 15. O-O-O Bd6
16. Nf5 Bxf5 17. gxf5 Be5 $1 $10 {Anand,V-Salov,V/Moscow/1992/0,5 (36) Inf 56/
242/}) 9. g5 (9. gxh5 Nxh5 10. Bg5 Nf6 11. Rg3 a6 12. Qd2 (12. Nxc6 bxc6 13.
Qf3 Be7 14. O-O-O d5 15. Bc4 Bb7 16. Bb3 $14 {Pavlovic,M-Razuvaev,Y/YUG/1991/1:
0 (34) Inf 52/222/}) 12... Qb6 13. Nb3 Bd7 14. O-O-O Rc8 $5 15. Kb1 Ne5 16. Qe1
Nh5 17. Rh3 Qc7 $10 {Byrne,R/Suba,M/London/1991/1:0 (54) Inf 52/223/}) 9... Ng4
10. Be2 Qb6 (10... d5 11. Bxg4 $1 hxg4 12. g6 f6 13. exd5 exd5 14. Be3 Bb4 15.
Qe2 Bxc3+ 16. bxc3 Qe7 $14 {Bangiev,A-Kopelevic/corr/1988/1:0 (47) Inf 45/269/}
) (10... g6 $5 11. Nxc6 bxc6 12. b3 Bg7 13. Bb2 d5 14. Qd2 Qa5 15. exd5 exd5
$10 {Matulovic,M-Jansa,V/Nis/1983/0,5 (24) Inf 36/285/}) 11. Bxg4 Qxd4 (11...
Nxd4 12. Be2 $1 Nxe2 13. Qxe2 Bd7 14. Rg3 (14. b3 $1) 14... Rc8 15. Rd3 $14 {
Mikhalchishin,A-Sokolov,A/URS(ch)/1984/0:1 (40) Inf 38/300/}) (11... hxg4 12.
Nxc6 bxc6 13. Qxg4 g6 14. Qg3 $5 Bg7 15. Qxd6 Bb7 16. Bd2 $1 Rxh4 17. O-O-O $1
$16 {Sznapik,A-Cocozza,M/Thessaloniki(ol)/1984/1:0 (27) Inf 38/301/}) 12. Be3
$1 Qb4 $6 (12... Qxd1+ $142 13. Bxd1 $14) 13. Be2 g6 $6 (13... Qxb2) 14. a3 $1
Qxb2 15. Nb5 Qe5 16. Rb1 $5 (16. Nc7+ Ke7 17. Nxa8 Bg7 18. Rb1 Bd7 $44) 16...
Kd7 17. Qd3 a6 18. f4 Qg7 $8 19. Nxd6 $1 Bxd6 20. Rd1 Rd8 (20... Qf8 21. e5 $18
) 21. Bb6 $18 Qf8 22. e5 Ke8 23. Bxd8 Nxd8 24. Qxd6 Qxd6 25. Rxd6 Bd7 26. Rg3
$1 Rc8 27. Kd2 Nc6 28. Rgd3 Rc7 29. Bf3 Ke7 30. Rc3 Rc8 31. Be4 Rc7 32. Rc5 Rc8
33. Kc3 $1 Be8 34. Bxc6 Bxc6 35. Kb4 Rb8 36. Rc4 (36. Ka5 $2 b6+) 36... a5+ 37.
Kxa5 Ra8+ 38. Kb4 Ra6 39. Rcd4 Rb6+ 40. Kc3 Rb1 41. Rd1 Rb5 42. R6d4 Bd5 43.
Rb4 Ra5 (43... Ra5 44. a4) 1-0

[Event "Halle DSV International-07"]
[Site "Halle/Saale"]
[Date "1984.06.13"]
[Round "4"]
[White "Tseshkovsky, Vitaly"]
[Black "Stempin, Pawel"]
[Result "1-0"]
[WhiteElo "2505"]
[BlackElo "2400"]
[Annotator "Boensch,E"]
[PlyCount "89"]
[EventDate "1984.06.09"]
[EventType "tourn"]
[EventRounds "11"]
[EventCountry "DDR"]
[EventCategory "8"]
[SourceTitle "EXT 2009"]
[Source "ChessBase"]
[SourceDate "2008.11.26"]
[SourceVersion "1"]
[SourceVersionDate "2008.11.26"]
[SourceQuality "1"]

{SCHACH 8/1984} 1. e4 c5 2. Nf3 d6 3. d4 cxd4 4. Nxd4 Nf6 5. Nc3 e6 6. g4 h6 7.
h4 Nc6 8. Rg1 d5 $6 9. exd5 Nxd5 10. Nxd5 Qxd5 11. Bg2 $1 Qe5+ (11... Qxd4 $4
12. Bxc6+) 12. Be3 Nb4 13. Qe2 Nd5 14. Bxd5 Qxd5 15. O-O-O Bd7 16. Kb1 Rc8 $6
17. Nb3 Qc4 18. Qd2 Qa4 19. Bd4 $1 b6 20. f4 Qb5 21. Rge1 Rg8 $6 22. f5 Bb4 23.
c3 Be7 24. Bf2 $1 Rd8 25. Nd4 Qc4 26. Qc2 $1 g6 $6 27. b3 Qc8 28. fxe6 fxe6 29.
h5 Kf7 30. Bg3 Rdf8 31. Nf3 Bf6 32. Ne5+ Bxe5 {Nun können die schwarzen Felder
des Nachziehenden nicht mehr ausreichend verteidigt werden, so dass es
schließlich zu einem erbaulichen Finale mit Matt kommt.} 33. Bxe5 Bb5 34. hxg6+
Rxg6 35. c4 Be8 36. Rf1+ Kg8 37. Rxf8+ Kxf8 38. Rf1+ Ke7 39. Qf2 Qc6 40. Qh4+
$1 Kd7 41. Rd1+ Kc8 42. Rd8+ Kb7 43. Qe7+ Ka6 44. Qa3+ Kb7 45. Rb8# 1-0

[Event "URS-ch58"]
[Site "Moscow"]
[Date "1991.??.??"]
[Round "4"]
[White "Meister, Jakob"]
[Black "Shcherbakov, Ruslan"]
[Result "1/2-1/2"]
[WhiteElo "2430"]
[BlackElo "2525"]
[Annotator "Boensch,U"]
[PlyCount "46"]
[EventDate "1991.11.??"]
[EventType "swiss"]
[EventRounds "11"]
[EventCountry "URS"]
[SourceTitle "URS-ch"]
[Source "ChessBase"]
[SourceDate "1999.07.01"]
[SourceVersion "1"]
[SourceVersionDate "1999.07.01"]
[SourceQuality "1"]

1. e4 {Ernst} c5 2. Nf3 e6 3. d4 cxd4 4. Nxd4 Nf6 5. Nc3 d6 6. g4 e5 7. Nf5 $6
(7. Bb5+ Bd7 8. Bxd7+ Qxd7 9. Nf5 $16) 7... h5 8. g5 Nxe4 9. Nxg7+ Bxg7 10.
Nxe4 d5 11. Ng3 (11. Nc3 $2 Be6 12. Bg2 e4 13. O-O h4 14. Re1 h3 15. Bf1 Nc6
16. f3 Qb6+ 17. Kh1 O-O-O $19 {Rocha,W-Nisipeanu,D WchJ Mamaja 1991}) 11... Nc6
12. Nxh5 Rxh5 13. Qxh5 Nd4 14. Bd3 (14. Qh7 Kf8 15. Bd2 Nf3+ 16. Kd1 Nxd2 17.
Kxd2 Qxg5+ 18. Ke1 Bf5 19. Rg1 Qxg1 20. Qxf5 e4 $17 {Santacruz,C-Salazar,H
Asuncion 1988}) (14. g6 Qf6 15. Be3 fxg6 16. Qh7 Nxc2+ 17. Kd2 Nxe3 18. fxe3 e4
19. Rb1 Kf7 20. Rc1 Qxb2+ 21. Rc2 Qb4+ 22. Kd1 Qb1+ 23. Kd2 $10 {Frolov,
A-Lazarev,V Debrecen 1990}) 14... e4 15. c3 Nf3+ 16. Kf1 Bf5 17. Be2 Qd7 18.
Bxf3 exf3 19. Qxf3 Be4 20. Qe3 Kf8 21. f3 (21. Rg1 $2 Qb5+ 22. Ke1 Re8 $19)
21... Qh3+ 22. Kf2 Qh4+ 23. Kg2 (23. Ke2 Re8 $40) 23... Qg4+ {Boensch} 1/2-1/2